000 00724cab a2200241 4500
001 ABS57940
008 090401t1997 xxu||||| |||| 00| 0 eng d
035 _a(Sirsi) u82084
041 _aeng
100 _aSimpkins, E.
245 _aSocial obligation
260 _c1997
350 _a0
490 _aEstates Gazette
_v(9745) 8 November 1997, 64-65(2)
520 _aAs the property industry awaits guidance on the provision of social housing in residential development. Author considers industry views.
650 _aDOE CIRCULAR 13/1996
650 _aGOVERNMENT POLICY
650 _aRESIDENTIAL DEVELOPMENT
650 _aSOCIAL HOUSING
690 _aHOUSING-DEVELOPMENT
942 _n0
948 _c13/11/1997
999 _c51776
_d51776